Ethylene and plant development (Record no. 39001)
[ view plain ]
| 000 -LEADER | |
|---|---|
| fixed length control field | 00347nam a2200133Ia 4500 |
| 082 ## - DEWEY DECIMAL CLASSIFICATION NUMBER | |
| Classification number | 581.1:547.313.2 |
| Item number | ROB |
| 100 ## - MAIN ENTRY--AUTHOR NAME | |
| Personal name | Roberts, J A |
| 245 #0 - TITLE STATEMENT | |
| Title | Ethylene and plant development |
| 260 ## - PUBLICATION, DISTRIBUTION, ETC. (IMPRINT) | |
| Place of publication | London |
| Name of publisher | Butterworths |
| Year of publication | 1985 |
| 650 ## - SUBJECT ADDED ENTRY--TOPICAL TERM | |
| Topical Term | Ethylene synthesis |
| 700 ## - ADDED ENTRY--PERSONAL NAME | |
| Personal name | Tucker, G A |
| 942 ## - ADDED ENTRY ELEMENTS (KOHA) | |
| Koha item type | Books |
| Withdrawn status | Lost status | Damaged status | Not for loan | Home library | Current library | Date acquired | Cost, normal purchase price | Full call number | Accession Number | Koha item type |
|---|---|---|---|---|---|---|---|---|---|---|
| RRII Library | RRII Library | 16/12/2021 | 55.00 | 581.1:547.313.2 ROB | 19349 | Books |